000 00453nam a2200169Ia 4500
005 20250108015605.0
008 240331s9999 xx 000 0 und d
020 _a0195635299
082 _bSUB
_a950
245 0 _aSubaltern Studies III :
_bWritings on South Asian History and Society
260 _aNew Delhi
_bOxford University Press
_c1994
300 _aX, 327 p .,
650 _aHistory
650 _aSociety
700 _aGuha, R.
_eedt
942 _cL
999 _c3517
_d3517